00470nam a2200133Ia 4500008004100000100001800041245007600059245005300135260005300188260000900241300001000250650001500260856006100275170221s9999 xx 000 0 und d aIqra Abdullah 2aA Literature Review on Personality, Creativity and Innovative Behavior  cIqra Abdullah, Rozeyta Omar, Siti Aisyha Panatik bInternational Review of Management and Marketing c2016 a6 : 1 xMarketing. uhttp://www.econjournals.com/index.php/irmm/issue/view/64